| 000 -LEADER |
| fixed length control field |
01452cas a2200373 4500 |
| 001 - CONTROL NUMBER |
| control field |
11214184 |
| 005 - DATE AND TIME OF LATEST TRANSACTION |
| control field |
20180312082132.0 |
| 008 - FIXED-LENGTH DATA ELEMENTS--GENERAL INFORMATION |
| fixed length control field |
750205d19731991is ar 0 a0eng |
| 010 ## - LIBRARY OF CONGRESS CONTROL NUMBER |
| LC control number |
77649587 |
| Canceled/invalid LC control number |
72090254 |
| 016 7# - NATIONAL BIBLIOGRAPHIC AGENCY CONTROL NUMBER |
| Record control number |
007851223 |
| Source |
Uk |
| 022 0# - INTERNATIONAL STANDARD SERIAL NUMBER |
| International Standard Serial Number |
0303-7819 |
| Source |
z |
| 035 ## - SYSTEM CONTROL NUMBER |
| System control number |
(OCoLC)ocm01161685 |
| 040 ## - CATALOGING SOURCE |
| Original cataloging agency |
DLC |
| Language of cataloging |
eng |
| Transcribing agency |
NLM |
| Modifying agency |
DLC |
| -- |
NSD |
| -- |
NST |
| -- |
OCL |
| -- |
NST |
| -- |
DLC |
| -- |
NST |
| -- |
DLC |
| -- |
IUL |
| -- |
NST |
| -- |
WAU |
| -- |
OCL |
| -- |
IUL |
| -- |
DLC |
| -- |
OCLCQ |
| -- |
NLGGC |
| -- |
ITC |
| -- |
DLC |
| -- |
VVW |
| -- |
OCLCQ |
| -- |
UKMGB |
| -- |
OCLCO |
| -- |
OCLCF |
| -- |
OCLCO |
| -- |
OCLCQ |
| -- |
OCLCO |
| -- |
OCLCQ |
| -- |
Y5J |
| -- |
NLC |
| -- |
OCLCA |
| -- |
OCLCQ |
| 041 ## - LANGUAGE CODE |
| Language code of text/sound track or separate title |
eng |
| 042 ## - AUTHENTICATION CODE |
| Authentication code |
pcc |
| -- |
nsdp |
| 060 ## - NATIONAL LIBRARY OF MEDICINE CALL NUMBER |
| Classification number |
DS 102.8 E561 |
| 080 ## - UNIVERSAL DECIMAL CLASSIFICATION NUMBER |
| Universal Decimal Classification number |
909.04924 LTD |
| 082 04 - DEWEY DECIMAL CLASSIFICATION NUMBER |
| Classification number |
909.04924 LTD |
| 100 ## - Rafti |
| Rafti |
23 |
| 101 ## - Shkurtesa |
| Shkurtesa |
ENC |
| 222 #0 - KEY TITLE |
| Key title |
Encyclopaedia Judaica year book |
| 245 00 - TITLE STATEMENT |
| Title |
Encyclopaedia Judaica year book. |
| 246 3# - VARYING FORM OF TITLE |
| Title proper/short title |
Encyclopedia Judaica yearbook |
| 310 ## - CURRENT PUBLICATION FREQUENCY |
| Current publication frequency |
Annual |
| 362 0# - DATES OF PUBLICATION AND/OR SEQUENTIAL DESIGNATION |
| Dates of publication and/or sequential designation |
1973- |
| 362 1# - DATES OF PUBLICATION AND/OR SEQUENTIAL DESIGNATION |
| Dates of publication and/or sequential designation |
Ceased in 1991. |
| Source of information |
Cf. Letter from publisher. |
| 590 ## - LOCAL NOTE (RLIN) |
| Local note |
SERBIB/SERLOC merged record |
| 770 0# - SUPPLEMENT/SPECIAL ISSUE ENTRY |
| Title |
Encyclopaedia Judaica decennial book |
| Record control number |
(DLC)sn 85014211 |
| -- |
(OCoLC)10131312 |
| 776 08 - ADDITIONAL PHYSICAL FORM ENTRY |
| Display text |
Online version: |
| Title |
Encyclopaedia Judaica year book |
| Record control number |
(OCoLC)657162701 |
| 906 ## - LOCAL DATA ELEMENT F, LDF (RLIN) |
| a |
7 |
| b |
cbc |
| c |
serials |
| d |
3 |
| e |
ncip |
| f |
19 |
| g |
n-oclcserc |
| 942 ## - ADDED ENTRY ELEMENTS (KOHA) |
| Source of classification or shelving scheme |
|
| Item type |
Books |